000 00338nam a2200133Ia 4500
008 240624s9999 xx 000 0 und d
041 _aeng
082 _a658.4012 HOF
100 _aHOFFMAN BRYCE G
245 _aRED TEAMING HOW YOUR BUSINESS CAN CONQUE
260 _c2017
_aNew York
_bCrown Business
300 _a278 p.
365 _c
_b33
999 _c32734
_d32734